Устройство автоматической подачи покрытых электродов в сварочную ванну; Современные проблемы машиностроения

Библиографические подробности
Источник:Современные проблемы машиностроения.— 2020.— [С. 126-127]
Главный автор: Гордынец А. С. Антон Сергеевич
Автор-организация: Национальный исследовательский Томский политехнический университет Инженерная школа неразрушающего контроля и безопасности Отделение электронной инженерии
Другие авторы: Непомнящий А. С.
Примечания:Заглавие с экрана
Язык:русский
Опубликовано: 2020
Серии:Электромеханика и мехатроника
Предметы:
Online-ссылка:http://earchive.tpu.ru/handle/11683/64012
Формат: Электронный ресурс Статья
Запись в KOHA:https://koha.lib.tpu.ru/cgi-bin/koha/opac-detail.pl?biblionumber=632162

MARC

LEADER 00000naa2a2200000 4500
001 632162
005 20240201134529.0
035 |a (RuTPU)RU\TPU\conf\33863 
035 |a RU\TPU\conf\33854 
090 |a 632162 
100 |a 20201015d2020 k y0rusy50 ca 
101 0 |a rus 
102 |a RU 
105 |a y z 101zy 
135 |a drcn ---uucaa 
181 0 |a i  
182 0 |a b 
200 1 |a Устройство автоматической подачи покрытых электродов в сварочную ванну  |f А. С. Гордынец, А. С. Непомнящий 
203 |a Текст  |c электронный 
225 1 |a Электромеханика и мехатроника 
300 |a Заглавие с экрана 
320 |a [Библиогр.: с. 127 (6 назв.)] 
463 0 |0 (RuTPU)RU\TPU\conf\34136  |t Современные проблемы машиностроения  |o сборник трудов XIII Международной научно-технической конференции, г. Томск, 26-30 октября 2020 г.  |f Национальный исследовательский Томский политехнический университет (ТПУ) ; под ред. Е. Н. Пашкова  |v [С. 126-127]  |d 2020 
610 1 |a электронный ресурс 
610 1 |a труды учёных ТПУ 
610 1 |a устройства 
610 1 |a автоматические передачи 
610 1 |a электроды 
610 1 |a сварочные ванны 
610 1 |a дуговая сварка 
610 1 |a неразъемные соединения 
610 1 |a металлоконструкции 
610 1 |a наплавки 
700 1 |a Гордынец  |b А. С.  |c специалист в области сварочного производства  |c ассистент Томского политехнического университета  |f 1980-  |g Антон Сергеевич  |3 (RuTPU)RU\TPU\pers\31695  |9 15826 
701 1 |a Непомнящий  |b А. С. 
712 0 2 |a Национальный исследовательский Томский политехнический университет  |b Инженерная школа неразрушающего контроля и безопасности  |b Отделение электронной инженерии  |3 (RuTPU)RU\TPU\col\23507 
801 2 |a RU  |b 63413507  |c 20201210  |g RCR 
856 4 |u http://earchive.tpu.ru/handle/11683/64012 
942 |c BK